000 00941nam0a22002651 4500
001 v19\rc\1905341
005 20260406203441.0
035 _a(NLR Aleph) 004994313
090 _a6319250
_c6319250
100 _a20080404d1911 u y0rusy50 ca
101 0 _arus
102 _aRU
105 _ay z |||||
200 1 _aУстав Ново-Прохоровского общества каменноугольных копей Донецкого бассейна
_e[Утв. 5 февр. 1910 г.]
210 _aХарьков
_d1911
215 _a28 с.
_d23
710 0 2 _aНово-Прохоровское общество каменноугольных копей Донецкого бассейна
_9423541
_3RU\NLR\AUTH\889963643
801 0 _aRU
_bNLR
_gpsbo
801 0 _aRU
_bRuMoRGB
_2psbo
801 1 _aRU
_bProSoft-M
_2rusmarc
852 _aNLR
_j20.39.9.29
899 _aRuMoRGB
_jV 117/952
899 _aБАН
942 _cBOOK
980 _aNB